000 00559nam a2200193Ia 4500
001 19313
003 GE_BSU
008 181216s||||||||xx |||||||||||||| ||und||
040 _cGE_BSU
245 _aЗемледелие №5. 2016
245 _bТеоретический и научно-практический журнал
245 _cГл. ред. М.Ю. Гаитов
260 _aМосква
260 _bOOO "Земледелие
260 _c2016
300 _a48 стр. 29см.
653 _aЗемледелие №5. 2016
942 _cCR
999 _c52297
_d52297